00692nam a2200241 a 4500001001300000003000900013005001700022008004100039020001000080082001500090100002200105245005300127260003300180300000900213500003500222505001400257650002000271700002200291902000800313942000700321952010700328999001500435nice12345678IN_TiNIC20260116011719.0050524s1879 egya grp 000 0 ara  ac10000a297.4bISM aIsmail-Al-Qadri,  aAl-Fuyudat-Ur-Rabbaniyya Fi Maathir-Il-Qadiriyya aEgyptbMaktaba-E-ilmiac1879 a256p aincludes index and biblioraphy2 aresereved aSufism-Qadriyah1 aIsmail-Al-Qadri,  bRBA cBK 00104070aHMIbHMId2007-09-12g100.00l1o297.4 ISMp06929r2019-07-22s2019-07-22w2026-01-16yEB c3499d3499